| 000 | 00750nam a2200277#a 4500 | ||
|---|---|---|---|
| 001 | 00832 | ||
| 003 | HDC | ||
| 007 | ta | ||
| 008 | 230623s2007 xx 000 0 eng d | ||
| 020 | _a0813827000 (hbk.). | ||
| 040 | _aHDC | ||
| 050 |
_aQW 630.5 _b.M3 P578 2007 |
||
| 245 | 0 |
_aPhycotoxins : _bchemistry and biochemistry / _cLuis Botana, editor. |
|
| 250 | _a1st ed. | ||
| 264 |
_aAmes, Iowa : _bBlackwell Pub., _c2007. |
||
| 300 |
_axv,345p. : _b ill. ; _c 26 cm. |
||
| 500 | _aIncludes bibliographical references and index. | ||
| 650 | _aAlgal toxins. | ||
| 650 | _aAlgal toxins. | ||
| 650 |
_aMarine Toxins _xchemistry |
||
| 700 | _aBotana, Luis M. | ||
| 942 | _2lcc | ||
| 942 | _cBK | ||
| 942 | _kQW 630.5 | ||
| 942 | _m.M3 P578 2007 | ||
| 999 |
_c22441 _d22441 |
||